|
|
|
|
| LEADER |
00780nta a2200193 i 4500 |
| 001 |
dipl69359 |
| 005 |
20180725125221.0 |
| 008 |
180725s2017 hu om 0|| zxx d |
| 040 |
|
|
|a SZTE Diploma Repozitórium
|b hun
|
| 041 |
|
|
|a zxx
|
| 100 |
1 |
|
|a Szabó Nóra
|
| 245 |
1 |
0 |
|a Bajcsy-Zsilinszky Endre politikai nézetei és publicisztikai tevékenysége 1922-ben
|h [elektronikus dokumentum] /
|c Nóra Szabó
|
| 246 |
1 |
0 |
|a Bajcsy-Zsilinszky Endre's political views and publicistical work in 1922
|h [elektronikus dokumentum]
|
| 260 |
|
|
|c 2017
|
| 650 |
|
4 |
|a Bölcsészettudományok
|
| 650 |
|
4 |
|a Humanities
|
| 700 |
0 |
1 |
|a Marjanucz László
|e ths
|
| 700 |
0 |
1 |
|a Sipos József
|e ths
|
| 856 |
4 |
0 |
|u https://diploma.bibl.u-szeged.hu/id/eprint/69359/1/2016_Szab%C3%B3_N%C3%B3ra_B49RCX_SZ.pdf
|z Dokumentum-elérés
|